MLB Platinum Glove Winners - Statistics

General Stats
  • This quiz has been taken 38 times
    17 since last reset
  • The average score is 16 of 26
Answer Stats
Year League Team Answer % Correct
2011 NL STL Yadier Molina
87%
2012 NL STL Yadier Molina
87%
2014 NL STL Yadier Molina
87%
2015 NL STL Yadier Molina
87%
2017 NL COL Nolan Arenado
80%
2018 NL COL Nolan Arenado
80%
2019 NL COL Nolan Arenado
80%
2020 NL COL Nolan Arenado
80%
2021 NL STL Nolan Arenado
80%
2022 NL STL Nolan Arenado
80%
2018 AL OAK Matt Chapman
73%
2019 AL OAK Matt Chapman
73%
2016 NL CHC Anthony Rizzo
60%
2023 NL SD Fernando Tatis Jr.
60%
2011 AL TEX Adrian Beltre
53%
2012 AL TEX Adrian Beltre
53%
2014 AL KC Alex Gordon
53%
2020 AL KC Alex Gordon
53%
2013 NL ATL Andrelton Simmons
53%
2021 AL HOU Carlos Correa
47%
2016 AL CLE Francisco Lindor
47%
2017 AL MIN Byron Buxton
40%
2023 AL CLE Andrés Giménez
27%
2015 AL TB Kevin Kiermaier
27%
2013 AL BAL Manny Machado
20%
2022 AL NYY Jose Trevino
13%
No matching quizzes found
Score Distribution
Percent of People with Each Score
Percentile by Number Answered
Your Score History
You have not taken this quiz since the last reset